000 00577nam a2200205Ia 4500
003 OSt
005 20240325140418.0
008 210210b1939 xxu||||| |||| 00| 0 eng d
040 _cAL
041 _aKannada
082 _a854/301
100 _aVENKATESHA AYYANGAR MASTI ವೆಂಕಟೇಶ ಅಯ್ಯಂಗಾರ್ ಮಾಸ್ತಿ
_9133540
245 _aVimarshe 4
_bವಿಮರ್ಶೆ ೪
260 _aBengaluru
_b-
_c1939
650 _aVimarshe
_9133541
650 _a4
_9133542
690 _aKannada Criticism
_9133543
906 _a020150
942 _2ddc
_cBK
999 _c144302
_d144302